000 01230nam0a2200349 4500
001 RU\NLR\bibl\212568
005 20260406145950.0
010 _a5-236-00991-X
_bПремьера
010 _a5-271-01671-4
_bАстрель
010 _a5-17-005433-5
_bАСТ
_915000
021 _aRU
_b2001-34011
_91618
035 _a(NLR Aleph) 000208739
090 _a1211257
_c1211257
100 _a20011129d2001 |||y0rusy50 ca
101 0 _arus
102 _aRU
105 _aa |||||||||
200 1 _aВеселая азбука
_e[Стихи
_eДля дошк. возраста]
_fС. Маршак
_gХудож. С. Бордюг, Н. Трепенок
210 _aМ. и др.
_cПланета детства и др.
_d2001
215 _a47,[8] с.
_cцв. ил.
_d27
675 _a821.161.1-93Маршак
_v3
_zrus
686 _a17.82.93
_2rugasnti
686 _a84(2Рос=Рус)6-5
_2rubbk
686 _aШ9(2)60=Р7-5
700 1 _4070
_8rus
_7ca
_aМаршак
_bС. Я.
_f1887-1964
_gСамуил Яковлевич
_3RU\NLR\auth\774792
_9114767
801 0 _aRU
_bRKP
_c20011129
_gPSBO
801 1 _aRU
_bRKP
_c20011129
801 2 _aRU
_bNLR
_c20090929
_grcr
942 _cBOOK
980 _aNB